|
|
|
|
| LEADER |
00928nam a2200301 4500 |
| 001 |
DLU090067012 |
| 005 |
##20090424 |
| 040 |
# |
# |
|a DLU
|b eng
|
| 041 |
# |
# |
|a eng
|
| 044 |
# |
# |
|a US
|
| 100 |
# |
# |
|a Cowperthwaite, Matthew C.
|
| 245 |
# |
# |
|a How mutational networks shape evolution : lessons from RNA models /
|c Matthew C. Cowperthwaite, Lauren Ancel Meyers.
|
| 653 |
# |
# |
|a Evolutionary dynamics
|
| 653 |
# |
# |
|a Fitness landscape
|
| 653 |
# |
# |
|a Genotype-phenotype map
|
| 653 |
# |
# |
|a RNA
|
| 653 |
# |
# |
|a Robustness
|
| 700 |
# |
# |
|a Meyers, Lauren Ancel.
|
| 773 |
# |
# |
|t Annual Review of Ecology, Evolution, and Systematics
|g Vol. 38 (2007), p. 203-230
|
| 920 |
# |
# |
|a Phòng Tạp chí -- Trung tâm Thông tin - Thư viện Trường Đại học Đà Lạt
|
| 994 |
# |
# |
|a DLU
|
| 900 |
# |
# |
|a True
|
| 911 |
# |
# |
|a Trương Bảo Trâm Anh
|
| 925 |
# |
# |
|a G
|
| 926 |
# |
# |
|a A
|
| 927 |
# |
# |
|a BB
|
| 980 |
# |
# |
|a Thư viện Trường Đại học Đà Lạt
|